La evaluación de valores y actitudes

Saved in:
Bibliographic Details
Main Author: Bolívar Botía, Antonio (Author)
Format: Book
Language:Spanish
Published: Madrid Grupo Anaya 1998
Edition:2a. ed
Series:Hacer Reforma
Subjects:
Tags: Add Tag
No Tags, Be the first to tag this record!

MARC

LEADER 00000nam a2200000 a 4500
001 UCH6541
003 CL-VaPUC
008 091109e19980000SP |||||||||||||||||spa|d
020 |a 8420761524 
082 0 4 |a 370.114  |b BOL  |2 21 
100 |a Bolívar Botía, Antonio  |e author  |9 420569 
245 1 3 |a La evaluación de valores y actitudes 
250 |a 2a. ed 
300 |a 216 p 
942 |c BK 
945 |d 20091109 00:00:00  |a ccalabra 
260 |a Madrid  |b Grupo Anaya  |c 1998 
650 0 |a Educación moral  |9 308319 
650 0 |a Valores morales   |9 310604 
650 0 |a Planificación de la educación   |9 307333 
650 0 |a Reforma educacional   |9 256319 
650 0 |a Calidad de la educación   |9 307271 
583 |a last modification  |c 20091109 00:00:00  |k Rodrigo Vera 
490 0 |a Hacer Reforma 
999 |c 337414  |d 337412